Medzinárodná vedecká konferencia Katedry pedagogiky NHF EU v Bratislave

Enregistré dans:
Détails bibliographiques
Auteur principal: Velichová, Ľudmila
Format: Chapitre de livre
Langue:slovaque
Tags: Ajouter un tag
Pas de tags, Soyez le premier à ajouter un tag!

MARC

LEADER 00000naa$a2200000$$$4500
001 0068421
005 20240502071828.0
041 0 |a slo 
044 |a SK 
245 1 0 |a Medzinárodná vedecká konferencia Katedry pedagogiky NHF EU v Bratislave  |c Ľudmila Velichová 
100 1 |a Velichová, Ľudmila